000 00851nab a2200253 u 4500
001 18109
003 HDC
007 cr bn ---aaaaa
008 210225c20070726xx dr|noo 0 a eng d
040 _aHDC
100 _aChoudhury, Shahidul
_eauthor
_917144
245 0 _aMuslim leaders call for Lancashire meat boycott / by
_cShahidul Choudhury
260 _a[No place] :
_b[publisher not identified],
_c2007
336 _atext
_2rdacontent
337 _acomputer
_2rdamedia
338 _aonline resource
_2rdacarrier
650 _ahalal meat
_91025
650 _ameat boycott
_917145
710 _aHalal Focus
856 _zRequest full-text at [email protected]
942 _2lcc
942 _cNEWS
942 _kNWSO 006025
999 _c15425
_d15425